[Event "EU-ch Rapid"]
[Site "Zagreb"]
[Date "2023.12.14"]
[Round "1"]
[White "Kostanjsek, Zorko"]
[Black "Kevlishvili, Robby"]
[Result "0-1"]
[WhiteElo "2098"]
[BlackElo "2532"]
[PlyCount "68"]
[EventDate "2023.12.14"]
[EventType "swiss (rapid)"]
[EventRounds "11"]
[EventCountry "CRO"]
[SourceTitle "CB51_2023"]
[SourceDate "2023.12.20"]
[SourceVersion "1"]
[SourceVersionDate "2023.12.20"]
[SourceQuality "1"]

1. Nf3 d5 2. d4 Nf6 3. Bf4 c5 4. dxc5 Nc6 5. e3 e6 6. c4 Bxc5 7. Nc3 0-0 8. Be2 Qe7 9. 0-0 Rd8 10. cxd5 exd5 11. Bg5 h6 12. Bh4 d4 13. Bxf6 Qxf6 14. Ne4 Qe7 15. Nxc5 Qxc5 16. exd4 Nxd4 17. Nxd4 Rxd4 18. Qc1 Qb6 19. Rd1 Be6 20. Rxd4 Qxd4 21. Bf3 Rc8 22. Qd1 Qxb2 23. Rb1 Qc2 24. Qxc2 Rxc2 25. Bxb7 Rxa2 26. Be4 Kf8 27. h3 a5 28. Rb7 a4 29. Ra7 Ra1+ 30. Kh2 a3 31. Ra8+ Ke7 32. Ra6 a2 33. Ra7+ Kf6 34. Ra6 Re1 0-1

[Event "Solta op 4th"]
[Site "Grohote"]
[Date "2021.08.12"]
[Round "6"]
[White "Martic, Zlatko"]
[Black "Kostanjsek, Zorko"]
[Result "1/2-1/2"]
[WhiteElo "2299"]
[BlackElo "2160"]
[PlyCount "104"]
[EventDate "2021.08.08"]
[EventType "swiss"]
[EventRounds "9"]
[EventCountry "CRO"]
[SourceTitle "CBM 203 Extra"]
[Source "ChessBase"]
[SourceDate "2021.09.30"]
[SourceVersion "1"]
[SourceVersionDate "2021.09.30"]
[SourceQuality "1"]

1. b3 Nf6 2. Bb2 g6 3. Bxf6 exf6 4. g3 Bg7 5. Bg2 f5 6. d4 d6 7. e3 Nd7 8. Ne2 0-0 9. 0-0 Nf6 10. c4 c6 11. Nbc3 Re8 12. Qc2 Bd7 13. b4 Rc8 14. Rab1 b5 15. cxb5 cxb5 16. Qd3 Qb6 17. Nf4 a6 18. Rbc1 Kf8 19. Rc2 Qb8 20. Rfc1 Rc4 21. Nfd5 Nxd5 22. Bxd5 Rcc8 23. a4 Qb6 24. a5 Qb8 25. Bf3 Be6 26. Nd5 Rxc2 27. Rxc2 Rc8 28. Rxc8+ Bxc8 29. Nb6 Ke7 30. Qc2 Bb7 31. Bc6 Kd8 32. Bxb7 Qxb7 33. Qb3 h5 34. h4 Bf6 35. Qc2 Bg7 36. Qd3 Qc6 37. Qb3 Ke8 38. Nd5 Bf8 39. Kf1 Be7 40. Ke2 Bd8 41. Kd2 Qb7 42. f3 Qc6 43. e4 fxe4 44. fxe4 g5 45. hxg5 Bxg5+ 46. Ke2 Qc1 47. Qc3 Qxc3 48. Nxc3 Kd7 49. Nd5 Kc6 50. Kf3 Bd2 51. Ke2 Bg5 52. Kf3 Bd2 1/2-1/2

[Event "GER CM06-C email"]
[Site "GER email"]
[Date "2019.06.19"]
[Round "?"]
[White "Hild, Harald"]
[Black "Kostanjsek, Zorko"]
[Result "1/2-1/2"]
[WhiteElo "2350"]
[BlackElo "2355"]
[PlyCount "98"]
[EventDate "2019.??.??"]
[EventType "tourn (corr)"]
[EventRounds "13"]
[EventCountry "GER"]
[SourceTitle "Corr 2024"]
[Source "ChessBase"]
[SourceDate "2023.10.19"]
[SourceVersion "1"]
[SourceVersionDate "2023.10.19"]
[SourceQuality "1"]

1. e4 e5 2. Nf3 Nc6 3. Bb5 Nf6 4. 0-0 Nxe4 5. d4 Nd6 6. Bxc6 dxc6 7. dxe5 Nf5 8. Qxd8+ Kxd8 9. Nc3 Ke8 10. h3 h5 11. Bg5 Be6 12. Rfd1 Be7 13. Rd2 Rd8 14. Rxd8+ Bxd8 15. Rd1 Bxg5 16. Nxg5 Bc8 17. Ne2 f6 18. exf6 gxf6 19. Nf3 Kf7 20. b3 a5 21. Rd2 b6 22. c4 a4 23. Nfd4 Rd8 24. Nf3 Rxd2 25. Nxd2 axb3 26. axb3 c5 27. Nf4 Nd4 28. Nxh5 Bf5 29. Ng3 Bc2 30. Ngf1 Nxb3 31. Nxb3 Bxb3 32. Ne3 Ba2 33. h4 f5 34. g3 Kg6 35. f3 f4 36. gxf4 c6 37. Kf2 b5 38. f5+ Kh5 39. f4 Bb1 40. Ke1 Kxh4 41. f6 Bg6 42. Nf5+ Kg4 43. Nd6 Kxf4 44. Kd2 Ke5 45. Nb7 Kd4 46. Na5 b4 47. Nxc6+ Kxc4 48. Ne5+ Kd5 49. Nxg6 Ke6 1/2-1/2

[Event "GER CM06-C email"]
[Site "GER email"]
[Date "2019.06.19"]
[Round "?"]
[White "Kostanjsek, Zorko"]
[Black "Shuler, James"]
[Result "1/2-1/2"]
[WhiteElo "2355"]
[BlackElo "2373"]
[PlyCount "57"]
[EventDate "2019.??.??"]
[EventType "tourn (corr)"]
[EventRounds "13"]
[EventCountry "GER"]
[SourceTitle "Corr 2024"]
[Source "ChessBase"]
[SourceDate "2023.10.19"]
[SourceVersion "1"]
[SourceVersionDate "2023.10.19"]
[SourceQuality "1"]

1. d4 Nf6 2. c4 g6 3. Nc3 Bg7 4. e4 d6 5. Nf3 0-0 6. h3 e5 7. d5 a5 8. Bg5 Na6 9. g4 Nc5 10. Nd2 a4 11. Be2 c6 12. Be3 Qa5 13. Qc2 Bd7 14. 0-0 Ne8 15. f3 Nc7 16. Kg2 N7a6 17. a3 Qd8 18. Rh1 cxd5 19. cxd5 Rb8 20. Rab1 f5 21. Bb5 Bxb5 22. Nxb5 Rc8 23. Nc4 Nb3 24. Qe2 Nc7 25. Ncxd6 fxe4 26. fxe4 Nd4 27. Bxd4 Nxb5 28. Nxb5 exd4 29. Rhf1 1/2-1/2